Izalat-Ul-Mazar-E-Qadiyani. (Record no. 224)

MARC details
000 -LEADER
fixed length control field 00376nam a2200157 a 4500
082 00 - DEWEY DECIMAL CLASSIFICATION NUMBER
Classification number 239
Author Cutter THA
100 ## - MAIN ENTRY--AUTHOR NAME
Author name Thakurdass, G L
245 ## - TITLE STATEMENT
Title Izalat-Ul-Mazar-E-Qadiyani.
260 ## - PUBLICATION, DISTRIBUTION, ETC. (IMPRINT)
Place of publication Ludhiana
Name of publisher American Tract Society
Year of publication 1903
300 ## - PHYSICAL DESCRIPTION
Number of Pages 71p
500 ## - GENERAL NOTE
General note includes index and biblioraphy
505 2# - FORMATTED CONTENTS NOTE
Formatted contents note Index
650 ## - SUBJECT ADDED ENTRY--TOPICAL TERM
Topical Term Apologetics
942 ## - ADDED ENTRY ELEMENTS (KOHA)
Koha item type General Stack Book
700 1# -
-- Thakurdass, G L
Holdings
Home library Current library Date acquired Cost, normal purchase price Full call number Accession Number Koha item type Shelving location
Henry Martyn Institute Library Henry Martyn Institute Library 06/28/2007 100.00 239 THA 4421 Archive Book  
Henry Martyn Institute Library Henry Martyn Institute Library 05/04/2018 100.00 239 THA 7880 Books General stacks
                   Copyright © 2026 | Henry Martyn Institute | Hyderabad | TS-500052 | INDIA | Implemented by hmi.edu.in
Hit-Count:

Powered by Koha